LIBRARY & INFORMATION CENTRE, KCAET, TAVANUR

ONLINE PUBLIC ACCESS CATALOGUE (OPAC)

Vidyabhasam / (Record no. 4842)

MARC details
000 -LEADER
fixed length control field 00424cam a2200181ua 4500
041 ## - LANGUAGE CODE
Language code of text/sound track or separate title mal
082 ## - DEWEY DECIMAL CLASSIFICATION NUMBER
Classification number 320.58 G
Item number GAN/VI
100 ## - MAIN ENTRY--AUTHOR NAME
Personal name Gandhi, M K.
245 ## - TITLE STATEMENT
Title Vidyabhasam /
260 ## - PUBLICATION, DISTRIBUTION, ETC. (IMPRINT)
Place of publication Thiruvananthapuram :
Name of publisher Gandhi Smaraka Nidhi ,
Year of publication 1962.
300 ## - PHYSICAL DESCRIPTION
Number of Pages 342 ; .
942 ## - ADDED ENTRY ELEMENTS (KOHA)
Koha item type Books
003 - CONTROL NUMBER IDENTIFIER
control field
Holdings
Withdrawn status Lost status Damaged status Home library Current library Date acquired Full call number Accession Number Koha item type
Withdrawn     KAUAET Malayalam University 07/04/2012 320.58 G 16 Books
free website counter